00254nam a2200109Ia 4500008004100000100001700041245002500058260003100083300000800114942000700122999001500129190216s9999||||xx |||||||||||||| ||und|| aKudesia. V.P 0aIndustrial Pollution bPragathi Prakashanc1990 a384 cBK c2774d2774